Music Quiz

Random Music or Clip Quiz

50 Songs By 1-Second Clips Quiz Stats

 Plays Quiz Updated Oct 31, 2016

Challenge
Share
Tweet
Score 0/50 Timer 20:00
0 Plays Today
Time Song % Correct
0:10You Give Love A Bad Name
84.7%
0:20I Love Rock 'n' Roll
84.2%
3:55Y.M.C.A.
80.6%
2:20Dancing Queen
80.1%
0:15Wannabe
78.7%
1:25Crazy
76.2%
2:45Hey Ya!
75.8%
2:00Walking On Sunshine
75.7%
0:45Ironic
72.4%
1:05The Sound Of Silence
71.6%
3:00Someone Like You
69%
2:35Ring Of Fire
65.9%
1:55Another Brick In The Wall (Part 2)
63.3%
1:20Roxanne
62.5%
3:15Hey There Delilah
61.9%
1:10Gold Digger
61.4%
2:50I'm A Believer
60.5%
1:50Like A Virgin
58.3%
0:00One Week
57.8%
0:05Fast Car
56.5%
1:40We Didn't Start The Fire
56%
4:05Smooth Criminal
54.3%
3:45MMMBop
50.6%
2:55Everybody Hurts
48.7%
0:25Heart Of Glass
47.4%
Time Song % Correct
0:30Black Hole Sun
45.6%
0:50Can't Help Falling In Love
45.5%
2:10Breakfast At Tiffany's
45.5%
3:25Friday I'm In Love
45.5%
2:05Don't Stop Me Now
42.6%
2:25Don't You Want Me
42.5%
3:05Drops Of Jupiter
42.5%
0:35Hello, Goodbye
42.3%
3:40Heart-Shaped Box
39.9%
4:00Creep
37%
2:15Sledgehammer
36.4%
3:35Killing In The Name
35.4%
2:30Hallelujah
33.5%
3:30Macarena
33%
3:10Paint It Black
32.8%
3:50Karma Chameleon
32.1%
1:35Hero
31.4%
0:40Life On Mars?
30.4%
3:20Pinball Wizard
28.8%
0:55All The Small Things
27.1%
1:15I Want To Know What Love Is
21.4%
1:45Dream A Little Dream Of Me
19.3%
2:40God Save The Queen
15.2%
1:00No Limit
7.2%
1:30Born To Be Wild
6.3%

You're not logged in!

Compare scores with friends on all Sporcle quizzes.
Join for Free
OR
Log In

You Might Also Like...

Show Comments

Extras

Top Quizzes Today


Score Distribution

Your Account Isn't Verified!

In order to create a playlist on Sporcle, you need to verify the email address you used during registration. Go to your Sporcle Settings to finish the process.

Report this User

Report this user for behavior that violates our Community Guidelines.

Details: